LEADER 01278nam--2200421---450- 001 990000480790203316 005 20050216104534.0 010 $a88-7648-255-5 035 $a0048079 035 $aUSA010048079 035 $a(ALEPH)000048079USA01 035 $a0048079 100 $a20010530d1996----km-y0itay0103----ba 101 $aita 102 $aIT 105 $a||||||||001yy 200 1 $a<> piovra$ela carriera politica di una fiction popolare$fMilly Buonanno 210 $aGenova$cCosta & Nolan$d1996 215 $a94 p.$d17 cm 225 2 $aPre.testi 300 $aSegue: Appendice 410 $12001$aPre.testi 606 0 $aLa piovra 676 $a791.4572 700 1$aBUONANNO,$bMilly$0142048 801 0$aIT$bsalbc$gISBD 912 $a990000480790203316 951 $aXIII.2. 65(VARIE COLL. 1166/1)$b131815 LM$cVARIE COLL. 951 $aXIII.2. 65b(VARIE COLL. 1166/1 BIS)$b131816 LM$cVARIE COLL. 951 $aXIII.2. 65a(VARIE COLL. 1166/1 A)$b131817 LM$cVARIE COLL. 959 $aBK 969 $aUMA 979 $aPATTY$b90$c20010530$lUSA01$h1023 979 $c20020403$lUSA01$h1656 979 $aPATRY$b90$c20040406$lUSA01$h1633 979 $aCOPAT2$b90$c20050216$lUSA01$h1045 996 $aPiovra$9813842 997 $aUNISA LEADER 01210cam a22002654i 4500 001 991001984289707536 008 130306s20112013enka a b 001 0 eng c 020 $a9781407308982 035 $ab14102420-39ule_inst 040 $aDip.to Beni Culturali$bita 100 1 $aDvir, Amnon$0478188 245 14$aThe aryballos as an example :$bthe Corinthian aryballos as a mirror of the artistic connections between east and west in the 8th to the 6th centuries BC :$ban artistic analysis /$cAmnon Dvir 260 $aOxford :$bArchaeopress,$c2011 300 $a94 p. :$bill. ;$c30 cm. 440 0$aBAR international series ;$v2315 504 $aContiene bibliografia: pp. 49-57 505 0 $aPrologue -- Introduction -- The Corninthian Aryballos -- Corinth and the Phoenician connection -- Summary -- Appendices 650 4$aAriballi$zGrecia$zCorinto 650 4$aCeramica greca$zGrecia$zCorinto 907 $a.b14102420$b12-09-13$c07-03-13 912 $a991001984289707536 945 $aLE001 AR III 336 4°$g1$i2001000179169$lle001$op$pE26.75$q-$rl$s- $t0$u0$v0$w0$x0$y.i15528170$z02-08-13 996 $aAryballos as an example$9265223 997 $aUNISALENTO 998 $ale001$b07-03-13$cm$da $e-$feng$genk$h4$i0